000 00527nam a2200169Ia 4500
003 GCL
008 140319s9999 xx 000 0 ara d
040 _aGCL /
_cGCL
082 0 4 _a922.17
_bم ج
100 1 _aمجدى عبدالحافظ
245 1 0 _aجمال الدين الافغانى واشكاليات العصر /
_cمجدى عبدالحافظ
300 _a189 ص
650 0 4 _aجمال الدين الافغانى
650 0 4 _aالاسلام - تراجم
650 0 4 _aالرجال - تراجم
942 _2ddc
_cBK
999 _c50983
_d50983